| 000 | 00714nam a2200229 a 4500 | ||
|---|---|---|---|
| 005 | 20210223125349.0 | ||
| 008 | 040429s1999 mx r 000 0 spa d | ||
| 020 | _a8489920567 | ||
| 035 | _aUPN01000133229 | ||
| 049 | _aCG | ||
| 050 | 4 |
_aBL627 _bF6.3 |
|
| 100 | 1 |
_aFontana, David, _d1934-2010 _933841 |
|
| 245 | 1 | 0 |
_aEnseñar a meditar a los niños / _cDavid Fontana, Ingrid Slack ; tr. Joan Carles Guix. |
| 260 |
_aBarcelona, Esp. : _bOniro, _c1999. |
||
| 300 | _a236 p. | ||
| 440 | 3 | _aEl niño y su mundo | |
| 534 |
_pTraducción de: _tTeaching meditatión to children |
||
| 650 | 4 |
_aMEDITACION - _xPSICOLOGIA |
|
| 650 | 4 |
_aNIÑOS - _xVIDA RELIGIOSA |
|
| 700 | 1 |
_aSlack, Ingrid, _ecoaut. |
|
| 905 | _aLibro | ||
| 999 |
_c105381 _d105381 |
||